000 01030nam a22002774aa4500
003 BOFEUTO
005 20260513103428.0
008 260504t2025 bo gr 000 f spa d
040 _6BOFEUTO
_aBOFEUTO
_cBOFEUTO
041 _aspa
044 _abo
082 _aTE6315
_bSa159a
100 _aSalas Calle, Orestes
_eautor
245 _aAnálisis de sostenibilidad financiero en el Centro de Investigación Minero Metalúrgico. /
_cOrestes Salas Calle, Verónica J. Sandy Tapia
260 _aOruro :
_bs/n,
_c2025.
300 _a153 hojas ;
_btab, gráf. ;
_c28.5 cm.
500 _aIncluye bibliografía, anexos.
502 _aTesis Dirigida, (Licenciatura) -- Universidad Técnica de Oruro, Facultad de Ciencias Económicas, Financieras y Administrativas, Carrera Administración de Empresas, 2025.
650 _aAnálisis Financiero
653 _aInvestigación
653 _aInstitución
653 _aCompetitividad
653 _aSostenibilidad
700 _aSandy Tapia, Verónica J.
_etutor
942 _2ddc
_cTE
_n0
999 _c16170
_d16170